| 000 | 00604nam a22002057a 4500 | ||
|---|---|---|---|
| 003 | OSt | ||
| 005 | 20170309151925.0 | ||
| 008 | 170309b xxu||||| |||| 00| 0 eng d | ||
| 020 | _a9781844453665 | ||
| 040 | _c040a | ||
| 082 |
_aWY 18 _bP931c 2010 |
||
| 100 |
_aPrice, Bob _911804 |
||
| 245 |
_aCritical thinking and writing for nursing students / _cBob Price, Anne Harrington |
||
| 260 |
_aLos Angeles _bSage _c2010 |
||
| 300 |
_aix, 148p; _bill : _c15 cm. |
||
| 504 | _aIncludes bibliographic references and index | ||
| 650 |
_aNursing _9135 |
||
| 700 |
_aHarrington, Anne _911805 |
||
| 942 |
_2z _cO_SHELF |
||
| 999 |
_c5658 _d5658 |
||